00437nam a22001457a 450000500170000000800410001702000150005804100130007308200160008610000130010224500730011526000470018830000300023565000260026520231107084125.0231107b |||||||| |||| 00| 0 eng d a0702114049 aEnglish  a346.44 ENV  lEnglish  aEnvironmental Concerns in South Africa / cFuggle, RF and Rabie, MA  aCape Town : bJuta and Company Ltd, c1983 bix, 587 pages ; c26 cm.  aLegal practice bLaw